000
00266nam a22001217a 4500
003
SGT
082
_a
618.92
_b
P13A
100
_a
AGRAWAL, ANIL
245
_a
PEDIATRIC OSTEOARTICULAR INFECTIONS
260
_a
INDIA
_b
JAYPEE
_c
2013
300
_a
194
942
_2
ddc
_c
BK
999
_c
14995
_d
14995